000 00676nam a2200181Ia 4500
008 151202s9999||||xx |||||||||||||| ||und||
082 _bPNVM-1244
100 _aदेव शं. श्री.
245 _aश्री समर्थ चरित्र तृतीय खंड.
260 _b"के.भि. ढवळे, मुंबई."
260 _c0
300 _a0
600 _aदेव शं. श्री.
630 _aश्री समर्थ चरित्र तृतीय खंड.
700 _aदेव शं. श्री.
730 _aश्री समर्थ चरित्र तृतीय खंड.
942 _cBOOK
999 _c1267242
_d1267239